Space power systems engineering (Record no. 2699)

MARC details
000 -LEADER
fixed length control field 00710nam a2200217Ia 4500
003 - CONTROL NUMBER IDENTIFIER
control field IN-BaIIA
005 - DATE AND TIME OF LATEST TRANSACTION
control field 20250707105115.0
008 - FIXED-LENGTH DATA ELEMENTS--GENERAL INFORMATION
fixed length control field 211028s9999 xx 000 0 eng d
040 ## - CATALOGING SOURCE
Transcribing agency IIA Library
080 ## - UNIVERSAL DECIMAL CLASSIFICATION NUMBER
Universal Decimal Classification number 629.19 (047.1)
Item number PAA-16
245 #0 - TITLE STATEMENT
Title Space power systems engineering
Statement of responsibility, etc. George C. Szego and Taylor J. Edward
260 ## - PUBLICATION, DISTRIBUTION, ETC.
Place of publication, distribution, etc. New York
Name of publisher, distributor, etc. Academic Press
Date of publication, distribution, etc. 1966
300 ## - PHYSICAL DESCRIPTION
Extent xix,1301p.
490 ## - SERIES STATEMENT
Series statement Progress in astronautics and aeronautics
Volume/sequential designation 16
650 ## - SUBJECT ADDED ENTRY--TOPICAL TERM
Topical term or geographic name entry element NASA Thesaurus
650 ## - SUBJECT ADDED ENTRY--TOPICAL TERM
Topical term or geographic name entry element Space Engineeroing
9 (RLIN) 4829
650 ## - SUBJECT ADDED ENTRY--TOPICAL TERM
Topical term or geographic name entry element Space Power
9 (RLIN) 4830
700 ## - ADDED ENTRY--PERSONAL NAME
Personal name Edward, Taylor J., ed.
9 (RLIN) 4831
700 ## - ADDED ENTRY--PERSONAL NAME
Personal name Szego, George C., ed.
9 (RLIN) 4832
942 ## - ADDED ENTRY ELEMENTS (KOHA)
Koha item type Books
Source of classification or shelving scheme Dewey Decimal Classification
Holdings
Withdrawn status Lost status Source of classification or shelving scheme Damaged status Not for loan Home library Current library Shelving location Date acquired Cost, normal purchase price Total Checkouts Full call number Barcode Date last seen Cost, replacement price Price effective from Koha item type Purchase Price
    Dewey Decimal Classification     IIA Library-Bangalore IIA Library-Kodaikanal General Stacks 14/02/1967 93.60   629.19(047.1)/ PAA-16 3010 05/11/2021 93.60 14/02/1967 Books Rs. 93.60

Powered by Koha